[Event "Aurora Spring op"]
[Site "Aurora"]
[Date "2018.03.24"]
[Round "2.3"]
[White "Mindrigan, Dumitru"]
[Black "Plotkin, Victor"]
[Result "1/2-1/2"]
[WhiteElo "2018"]
[BlackElo "2250"]
[PlyCount "119"]
[EventDate "2018.03.24"]
[EventType "swiss"]
[EventRounds "5"]
[EventCountry "CAN"]
[SourceTitle "EXT 2022"]
[Source "ChessBase"]
[SourceDate "2021.10.06"]
[SourceVersion "1"]
[SourceVersionDate "2021.10.06"]
[SourceQuality "1"]

1. d4 Nf6 2. c4 e6 3. Nf3 b6 4. g3 Bb7 5. Bg2 d5 6. 0-0 Be7 7. Bf4 0-0 8. Ne5 Qc8 9. Nc3 dxc4 10. Qa4 Bxg2 11. Kxg2 Qb7+ 12. Kg1 Nd5 13. Qxc4 Nxf4 14. gxf4 Na6 15. Rad1 Nb4 16. e4 c6 17. a3 b5 18. Qe2 Na6 19. Rd3 f6 20. Ng4 Rfd8 21. Rfd1 b4 22. axb4 Nxb4 23. Rg3 Kh8 24. Ne3 Bf8 25. Qh5 Rd7 26. Qg4 Qc8 27. Rh3 Qe8 28. f5 exf5 29. Qxf5 h6 30. d5 Rad8 31. Ra1 cxd5 32. Ncxd5 Nc6 33. Ra6 Nd4 34. Qg4 Qf7 35. Nf5 Nxf5 36. Qxf5 Rxd5 37. exd5 Rxd5 38. Qe6 Rd1+ 39. Kg2 Qxe6 40. Rxe6 Bc5 41. Re2 Kh7 42. Rc3 Bb6 43. Rcc2 Rd5 44. h4 Rd4 45. Kg3 h5 46. f3 Rd7 47. Rcd2 Rb7 48. Rd3 Kh6 49. b3 Bc7+ 50. Kg2 Be5 51. Re4 g5 52. Kh3 Kg6 53. Rc4 Kf5 54. Re4 g4+ 55. Kg2 gxf3+ 56. Kxf3 Rg7 57. Rc4 Rg3+ 58. Ke2 Rg2+ 59. Kf3 Rg3+ 60. Ke2 1/2-1/2

[Event "Aurora Spring op"]
[Site "Aurora"]
[Date "2018.03.24"]
[Round "3.2"]
[White "Rek, Slava"]
[Black "Mindrigan, Dumitru"]
[Result "1-0"]
[WhiteElo "2124"]
[BlackElo "2018"]
[PlyCount "137"]
[EventDate "2018.03.24"]
[EventType "swiss"]
[EventRounds "5"]
[EventCountry "CAN"]
[SourceTitle "EXT 2022"]
[Source "ChessBase"]
[SourceDate "2021.10.06"]
[SourceVersion "1"]
[SourceVersionDate "2021.10.06"]
[SourceQuality "1"]

1. e4 c5 2. Nf3 Nc6 3. Bb5 g6 4. 0-0 Bg7 5. Re1 Nf6 6. Nc3 0-0 7. e5 Ne8 8. h3 Nc7 9. Bxc6 dxc6 10. d3 b6 11. b3 Ne6 12. Bb2 Nd4 13. a4 a5 14. Ne4 Be6 15. Bxd4 cxd4 16. Qd2 c5 17. Qf4 Bd5 18. Re2 Qc7 19. Qh4 f6 20. exf6 exf6 21. Rae1 h6 22. Qg3 Qxg3 23. fxg3 h5 24. Nfd2 Bh6 25. Nf1 Ra7 26. Nd6 Rd7 27. Nc4 Rb8 28. Re8+ Rxe8 29. Rxe8+ Kf7 30. Rb8 Bxc4 31. bxc4 Rd6 32. g4 hxg4 33. hxg4 Bf4 34. Rb7+ Ke6 35. Kf2 Rc6 36. Rg7 Rc8 37. g3 Rc7 38. Rg8 Bg5 39. Rb8 Rc6 40. Nh2 f5 41. Kg2 Be3 42. gxf5+ Kxf5 43. Rf8+ Ke6 44. Ng4 Bg5 45. Kf3 Ke7 46. Rb8 Re6 47. Rb7+ Kd8 48. Rg7 Ke8 49. Nf2 Bh6 50. Rb7 Re3+ 51. Kg4 Re6 52. Ne4 Bf8 53. Rb8+ Ke7 54. Kg5 Bg7 55. Rb7+ Kf8 56. g4 Be5 57. Rd7 Kg8 58. Kh4 Bf4 59. Kh3 Be5 60. Kg2 Bg7 61. Rd8+ Bf8 62. Kf3 Kg7 63. Kf4 Be7 64. Rd7 Kf8 65. Rb7 Ke8 66. c3 Rxe4+ 67. dxe4 Bg5+ 68. Kxg5 dxc3 69. Rh7 1-0